Contemporary problems in carbonium ion chemistry. Vol. 3. Arenium ions - structure and reactivity /

Gespeichert in:
Bibliographische Detailangaben
1. Verfasser: Koptyug, V. A.
Format: Buch
Sprache:Englisch
Veröffentlicht: Berlin : Akademie, 1985
Online-Zugang: Volltext
Tags: Tag hinzufügen
Keine Tags, Fügen Sie den ersten Tag hinzu!

MARC

LEADER 00000nam a2200000 4500
003 SK-BrCVT
005 20220617170114.0
008 880101s1985 gw e ||||||eng d
035 |a CVTIDW0914094 
040 |b slo  |a CVTI SR 
041 0 |a eng 
044 |a gw 
080 |a 546.26  |2 UDC-MRF 
080 |a 547.57  |2 UDC-MRF 
100 1 |a Koptyug, V. A. 
242 1 0 |a Súčasné problémy chémie uhlíkových iónov. Zv. 3. Aréniové ióny - štruktúra a reaktivita 
245 1 0 |a Contemporary problems in carbonium ion chemistry. Vol. 3. Arenium ions - structure and reactivity /  |c Authors: V. A. Koptyug and Co. 
260 |a Berlin :  |b Akademie,  |c 1985 
300 |a 250 s. 
910 |b A462384 
974 |f Knihy 
992 |a AZN 
999 |c 73226  |d 73226